Priestorové plánovanie, reflexia súčasného vývoja a perspektív

Legislatíva v oblasti územného plánovania a strategické socioekonomické plánovanie na lokálnej a regionálnej úrovni ako základné nástroje pre usmerňovanie udržateľného priestorového rozvoja spoločnosti. Súčasné trendy a stratégie udržateľného rozvoja, systém manažmentu priestorového rozvoja.

Salvato in:
Dettagli Bibliografici
Autore principale: Jamečný, Ľubomír
Natura: Capitolo di libro
Lingua:slovacco
Soggetti:
Tags: Aggiungi Tag
Nessun Tag, puoi essere il primo ad aggiungerne!!

MARC

LEADER 00000naa$a2200000$$$4500
001 0088371
005 20220715093847.1
041 0 |a slo 
044 |a SK 
245 1 0 |a Priestorové plánovanie, reflexia súčasného vývoja a perspektív  |c Ľubomír Jamečný 
520 |a Legislatíva v oblasti územného plánovania a strategické socioekonomické plánovanie na lokálnej a regionálnej úrovni ako základné nástroje pre usmerňovanie udržateľného priestorového rozvoja spoločnosti. Súčasné trendy a stratégie udržateľného rozvoja, systém manažmentu priestorového rozvoja. 
610 2 0 |a plánovanie územné 
610 2 0 |a rozvoj územný 
610 2 0 |a rozvoj trvalo udržateľný 
610 2 0 |a plánovanie sociálno-ekonomické 
610 2 0 |a plánovanie strategické 
610 2 0 |a spoločnosť vedomostná 
610 2 0 |a plánovanie krajiny 
610 2 0 |a plánovanie 
100 1 |a Jamečný, Ľubomír